Diseños experimentales con aplicación a la agricultura y la ganaderia
Sábháilte in:
| Príomhchruthaitheoir: | |
|---|---|
| Formáid: | LEABHAR |
| Teanga: | Spáinnis |
| Foilsithe / Cruthaithe: |
Ciudad de México
Trillas
2009
|
| Eagrán: | 2a. ed |
| Ábhair: | |
| Clibeanna: |
Cuir clib leis
Níl clibeanna ann, Bí ar an gcéad duine le clib a chur leis an taifead seo!
|
MARC
| LEADER | 00000cam a2200000 a 4500 | ||
|---|---|---|---|
| 001 | UCD5861 | ||
| 003 | CL-VaPUC | ||
| 008 | 161028e20090000mx |||||||||||||||||spa|d | ||
| 020 | |a 9786071701923 | ||
| 082 | 0 | 4 | |a 630 |b PAD |2 21 |
| 100 | |a Padrón Corral, Emilio |e autor |9 589655 | ||
| 245 | 1 | 0 | |a Diseños experimentales con aplicación a la agricultura y la ganaderia |
| 250 | |a 2a. ed | ||
| 300 | |a 224 p | ||
| 942 | |c BK | ||
| 945 | |d 20161028 10:18:00 |a arojas | ||
| 260 | |a Ciudad de México |b Trillas |c 2009 | ||
| 500 | |a Para qué y cómo se realiza la experimentación agrícola | ||
| 500 | |a Principales métodos estadísticos | ||
| 500 | |a Análisis ecónomico y utilidad práctica | ||
| 500 | |a Aplicación en casos reales | ||
| 500 | |a Ejercicios y soluciones | ||
| 650 | 0 | |a Agricultura |9 255598 | |
| 650 | 0 | |a Ganadería |9 264177 | |
| 650 | 0 | |a Métodos estadísticos |9 259407 | |
| 650 | 0 | |a Diseño experimental |9 259977 | |
| 583 | |a last modification |c 20161028 10:18:00 |k Rodrigo Vera | ||
| 999 | |c 366401 |d 366399 | ||
| 952 | |0 0 |1 1 |2 ddc |3 erb |4 0 |6 630_000000000000000_PAD_2009 |7 0 |8 A |9 480625 |a BIBAGR |b BIBAGR |i 5344999 |l 1 |o 630 PAD 2009 |p 5344999 |r 2023-06-22 |s 2020-07-27 |w 2019-11-24 |y BK |z Catalogado en:20161028 |k AGR | ||
| 952 | |0 0 |1 0 |3 erb |4 0 |6 630_000000000000000_PAD_2009 |7 0 |8 A |9 480626 |a BIBAGR |b BIBAGR |i 5345006 |o 630 PAD 2009 |p 5345006 |r 2025-01-20 |w 2019-11-24 |y BK |z Catalogado en:20161028 |k AGR | ||